Nuestro hogar /
Descripción Física:
2 vols. enquadernats + 1 lligall ; 27 cm ; il. b/n ; periodicitat: trimestral
Idioma:
Español
MARC
| LEADER | 00000nas a2200000 a 4500 | ||
|---|---|---|---|
| 001 | 11343, 11344, 26888, 28122 | ||
| 003 | Arxiu | ||
| 005 | 20260421093329.0 | ||
| 008 | 160829s1946 - xx 000 0 cat d | ||
| 008 | 160829s9999 xx 000 0 cat d | ||
| 040 | |a agdb | ||
| 041 | |a spa | ||
| 080 | |a Revistes | ||
| 245 | |a Nuestro hogar / |c [Casa Provincial de Caridad] | ||
| 260 | |a Barcelona : |b la Casa ; |c 1946- | ||
| 300 | |a 2 vols. enquadernats + 1 lligall ; |c 27 cm ; |b il. b/n ; periodicitat: trimestral | ||
| 310 | |a Trimestral | ||
| 362 | |a Año 1, no. 1 (abr. 1946)- | ||
| 500 | |a Duplicats dels números 1, 20-30, 32-33, 37 i 41 (R. 28122). | ||
| 500 | |a Hi ha un exemplar del núm. 37 a R-256, exp. 3. | ||
| 525 | |a Inclou un número extraordinari de la inauguració de les Llars Mundet: any 13, núm. 51 (gener 1958) (R.26888) | ||
| 650 | |a Casa de Caritat (Barcelona) |x Revistes |9 41397 | ||
| 655 | 0 | |9 55823 |a Revistes | |
| 710 | |a Casa de Caritat (Barcelona, Catalunya) |9 52406 | ||
| 856 | 4 | |u https://media.diba.cat/diba/fitxers/arxiu/hemeroteca/nuestrohogar/11343/bib_11343_20_des_1950_web.pdf |y núm. 20 (desembre 1950) | |
| 856 | 4 | |u https://media.diba.cat/diba/fitxers/arxiu/hemeroteca/nuestrohogar/11343/bib_11343_19_oct_1950_web.pdf |y núm. 19 (octubre 1950) | |
| 856 | 4 | |u https://media.diba.cat/diba/fitxers/arxiu/hemeroteca/nuestrohogar/11343/bib_11343_18_jul_1950_web.pdf |y núm. 18 (juliol 1950) | |
| 856 | 4 | |u https://media.diba.cat/diba/fitxers/arxiu/hemeroteca/nuestrohogar/11343/bib_11343_17_abr_1950_web.pdf |y núm. 17 (abril 1950) | |
| 856 | 4 | |u https://media.diba.cat/diba/fitxers/arxiu/hemeroteca/nuestrohogar/11343/bib_11343_16_des_1949_web.pdf |y núm. 16 (desembre 1949) | |
| 856 | 4 | |u https://media.diba.cat/diba/fitxers/arxiu/hemeroteca/nuestrohogar/11343/bib_11343_15_oct_1949_web.pdf |y núm. 15 (octubre 1949) | |
| 856 | 4 | |u https://media.diba.cat/diba/fitxers/arxiu/hemeroteca/nuestrohogar/11343/bib_11343_14_jul_1949_web.pdf |y núm. 14 (juliol 1949) | |
| 856 | 4 | |u https://media.diba.cat/diba/fitxers/arxiu/hemeroteca/nuestrohogar/11343/bib_11343_13_abr_1949_web.pdf |y núm. 13 (abril 1949) | |
| 856 | 4 | |u https://media.diba.cat/diba/fitxers/arxiu/hemeroteca/nuestrohogar/11343/bib_11343_12_des_1948_web.pdf |y núm. 12 (desembre 1948) | |
| 856 | 4 | |u https://media.diba.cat/diba/fitxers/arxiu/hemeroteca/nuestrohogar/11343/bib_11343_11_oct_1948_web.pdf |y núm. 11 (octubre 1948) | |
| 856 | 4 | |u https://media.diba.cat/diba/fitxers/arxiu/hemeroteca/nuestrohogar/11343/bib_11343_10_jul_1948_web.pdf |y núm. 10 (juliol 1948) | |
| 856 | 4 | |u https://media.diba.cat/diba/fitxers/arxiu/hemeroteca/nuestrohogar/11343/bib_11343_09_abr_1948_web.pdf |y núm. 9 (abril 1948) | |
| 856 | 4 | |u https://media.diba.cat/diba/fitxers/arxiu/hemeroteca/nuestrohogar/11343/bib_11343_08_des_1947_web.pdf |y núm. 8 (desembre 1947) | |
| 856 | 4 | |u https://media.diba.cat/diba/fitxers/arxiu/hemeroteca/nuestrohogar/11343/bib_11343_07_oct_1947_web.pdf |y núm. 7 (octubre 1947) | |
| 856 | 4 | |u https://media.diba.cat/diba/fitxers/arxiu/hemeroteca/nuestrohogar/11343/bib_11343_06_jul_1947_web.pdf |y núm. 6 (juliol 1947) | |
| 856 | 4 | |u https://media.diba.cat/diba/fitxers/arxiu/hemeroteca/nuestrohogar/11343/bib_11343_05_abr_1947_web.pdf |y núm. 5 (gener 1947) | |
| 856 | 4 | |u https://media.diba.cat/diba/fitxers/arxiu/hemeroteca/nuestrohogar/11343/bib_11343_04_des_1946_web.pdf |y núm. 4 (desembre 1946) | |
| 856 | 4 | |u https://media.diba.cat/diba/fitxers/arxiu/hemeroteca/nuestrohogar/11343/bib_11343_03_oct_1946_web.pdf |y núm. 3 (octubre 1946) | |
| 856 | 4 | |u https://media.diba.cat/diba/fitxers/arxiu/hemeroteca/nuestrohogar/11343/bib_11343_02_jul_1946_web.pdf |y núm. 2 (juliol 1946) | |
| 866 | |a Any 1, núm. 1 (abril 1946) - Any 10, núm. 43 (desembre 1955) | ||
| 866 | |a Any 11, núm. 45 (abril 1956) - Any 13, núm. 52 (octubre 1958) | ||
| 901 | |a Arxiu | ||
| 942 | |n 1 |2 udc |c REV | ||
| 952 | |0 0 |1 0 |2 udc |4 0 |6 REV358 |7 1 |9 54616 |a Arxiu |b Arxiu |d 2016-12-01 |h Any 1, núm. 1 (abril 1946) - Any 5, núm. 20 (desembre 1950) |o Rev-358 |p 11343 |r 2016-12-01 00:00:00 |w 2016-12-01 |y ARXIU | ||
| 952 | |0 0 |1 0 |2 udc |4 0 |6 REV359 |7 1 |9 64039 |a Arxiu |b Arxiu |d 2022-10-25 |h Any 6, núm. 21 (març 1951) - Any 10, núm. 43 (desembre 1955) |l 0 |o Rev-359 |p 11344 |r 2022-10-25 00:00:00 |w 2022-10-25 |y ARXIU |z Conté un número extraordinari: Any 7, núm. 28 (novembre 1952) | ||
| 952 | |0 0 |1 0 |2 udc |4 0 |7 1 |9 64040 |a Arxiu |b Arxiu |d 2022-10-25 |h Any 11, núm. 45 (abril 1956) - Any 13, núm. 52 (octubre 1958) |o Rev-360 |p 26888 |r 2022-10-25 00:00:00 |w 2022-10-25 |y ARXIU |z Conté dos números extraordinaris: any 11, núm. 45 (abril 1956) ; any 13, núm. 51 (gener 1958) .- Alguns números són fotocòpies | ||
| 952 | |0 0 |1 0 |2 udc |4 0 |6 REV2245 |7 1 |9 96053 |a Arxiu |b Arxiu |d 2023-08-02 |h Núm. 1 (abril 1946) ; Núm. 20 (desembre 1950) - Núm. 30 (abril 1953) ; Núm. 32 (setembre 1953) - Núm. 33 (Desembre 1953) ; Núm. 37 (setembre 1954) ; Núm. 41 (juliol 1955) ; Núm. extraordinari inauguració Llars Mundet (gener 1958) |o Rev-2245 |p 28122 |r 2023-08-02 00:00:00 |w 2023-08-02 |y ARXIU |z Números duplicats | ||
| 999 | |c 58485 |d 58485 | ||